[Event "CRI-chT"]
[Site "San Jose"]
[Date "2024.05.12"]
[Round "4.1"]
[White "Sandi Castro, Allan"]
[Black "Murillo Tsijli, Manuel"]
[Result "1-0"]
[WhiteElo "1648"]
[BlackElo "1910"]
[PlyCount "63"]
[EventDate "2024.04.28"]
[EventType "team-swiss"]
[EventRounds "7"]
[EventCountry "CRI"]
[SourceTitle "EXT 2025"]
[Source "ChessBase"]
[SourceDate "2024.10.14"]
[SourceVersion "1"]
[SourceVersionDate "2024.10.14"]
[SourceQuality "1"]
[WhiteTeam "CCDR Escazunt"]
[BlackTeam "Bazinga"]
[WhiteTeamCountry "CRI"]
[BlackTeamCountry "CRI"]

1. e4 e5 2. Nf3 Nc6 3. Bc4 Be7 4. d3 Nf6 5. c3 0-0 6. Bg5 d5 7. Bxf6 dxc4 8. Bxe7 Qxe7 9. dxc4 f5 10. Nbd2 fxe4 11. Nxe4 Bg4 12. Qd5+ Kh8 13. Nfd2 Qh4 14. Ng3 Rf6 15. Nde4 Be6 16. Qb5 Rf4 17. 0-0 Rb8 18. f3 Qh6 19. h3 g5 20. Qc5 Qg6 21. b4 Bf7 22. b5 Nd8 23. Qxe5+ Kg8 24. Qxc7 Ra8 25. Rfd1 Ne6 26. Qxb7 Rf8 27. Qxa7 h5 28. b6 g4 29. b7 gxh3 30. b8Q Be8 31. Qf2 Bc6 32. Rd6 1-0

[Event "CRI-chT"]
[Site "San Jose"]
[Date "2024.04.28"]
[Round "2.1"]
[White "Jimenez Aguilar, Gustavo"]
[Black "Sandi Castro, Allan"]
[Result "1/2-1/2"]
[WhiteElo "1922"]
[BlackElo "1648"]
[PlyCount "62"]
[EventDate "2024.04.28"]
[EventType "team-swiss"]
[EventRounds "7"]
[EventCountry "CRI"]
[SourceTitle "EXT 2025"]
[Source "ChessBase"]
[SourceDate "2024.10.14"]
[SourceVersion "1"]
[SourceVersionDate "2024.10.14"]
[SourceQuality "1"]
[WhiteTeam "Belen Reloaded"]
[BlackTeam "CCDR Escazunt"]
[WhiteTeamCountry "CRI"]
[BlackTeamCountry "CRI"]

1. Nf3 d5 2. d3 Nc6 3. g3 Bf5 4. Bg2 Nf6 5. Nbd2 Qd7 6. h3 e5 7. Nh4 Be6 8. Nb3 Be7 9. Bd2 h6 10. e4 dxe4 11. dxe4 g5 12. Nf5 Bxf5 13. exf5 Qxf5 14. Bxc6+ bxc6 15. Qe2 Qe4 16. Qxe4 Nxe4 17. Be3 f5 18. Bd2 c5 19. Na5 Nxd2 20. Kxd2 Bd6 21. Nc4 Kd7 22. Rae1 Rae8 23. Re3 Re7 24. Rhe1 Rhe8 25. Ra3 Ra8 26. Rae3 e4 27. g4 Rd8 28. Nxd6 fxg4 29. hxg4 Re6 30. Rg3 c4 31. Rg2 Rc8 1/2-1/2

[Event "CRI-chT"]
[Site "San Jose"]
[Date "2024.04.28"]
[Round "1.1"]
[White "Sandi Castro, Allan"]
[Black "Ramos Serrano, David Andreny"]
[Result "0-1"]
[WhiteElo "1648"]
[BlackElo "1626"]
[PlyCount "52"]
[EventDate "2024.04.28"]
[EventType "team-swiss"]
[EventRounds "7"]
[EventCountry "CRI"]
[SourceTitle "EXT 2025"]
[Source "ChessBase"]
[SourceDate "2024.10.14"]
[SourceVersion "1"]
[SourceVersionDate "2024.10.14"]
[SourceQuality "1"]
[WhiteTeam "CCDR Escazunt"]
[BlackTeam "Kaffa Denei"]
[WhiteTeamCountry "CRI"]
[BlackTeamCountry "CRI"]

1. e4 e5 2. Nf3 Nf6 3. Bc4 Nxe4 4. Qe2 d5 5. Nxe5 Bc5 6. Nd3 0-0 7. Nxc5 Nxc5 8. d4 Re8 9. Be3 Ne6 10. Bd3 Nxd4 11. Bxh7+ Kxh7 12. Qd3+ Kg8 13. Qxd4 Nc6 14. Qc5 d4 15. 0-0 dxe3 16. fxe3 Qe7 17. Qh5 Qxe3+ 18. Kh1 Be6 19. Nc3 Qe5 20. Qf3 Nd4 21. Qf2 Rad8 22. Rae1 Qf5 23. Qg3 Qxc2 24. Qf4 Bc4 25. Rc1 Qxb2 26. Rf2 Qxc3 0-1